[Event "CHI-ch sf"]
[Site "Quilpue"]
[Date "2022.02.06"]
[Round "5"]
[White "Diaz Contreras, Pedro"]
[Black "Amigo Quintana, Antu"]
[Result "0-1"]
[WhiteElo "2147"]
[BlackElo "1824"]
[PlyCount "104"]
[EventDate "2022.02.04"]
[EventType "swiss"]
[EventRounds "8"]
[EventCountry "CHI"]
[SourceTitle "CBM 206 Extra"]
[Source "ChessBase"]
[SourceDate "2022.03.31"]
[SourceVersion "1"]
[SourceVersionDate "2022.03.31"]
[SourceQuality "1"]

1. e4 e5 2. Nf3 Nc6 3. Bb5 a6 4. Ba4 Nf6 5. d3 b5 6. Bb3 Bc5 7. a4 Rb8 8. axb5 axb5 9. 0-0 d6 10. Nc3 Bg4 11. Be3 Nd4 12. Bxd4 Bxd4 13. h3 Bxf3 14. Qxf3 0-0 15. Nd1 Ra8 16. Rb1 c6 17. c3 Bb6 18. Ne3 g6 19. g3 Kg7 20. Rbd1 Qc7 21. Rfe1 Rfe8 22. Kg2 h6 23. Re2 Re7 24. g4 Qd7 25. Rf1 Rd8 26. Qg3 d5 27. exd5 cxd5 28. f4 e4 29. d4 b4 30. g5 Nh5 31. Qg4 Bc7 32. f5 Qd6 33. f6+ Kh7 34. Kf2 Red7 35. Rg1 Qf4+ 36. Ke1 hxg5 37. Qxg5 Qxg5 38. Rxg5 Nxf6 39. Rf2 Kh6 40. h4 Nh5 41. Ng4+ Kg7 42. Ne5 f6 43. Rxg6+ Kh7 44. Nxd7 Kxg6 45. Rg2+ Bg3+ 46. Rxg3+ Nxg3 47. Nc5 bxc3 48. bxc3 Rd6 49. Kf2 Nf5 50. Bc2 Nxh4 51. Kg3 Nf5+ 52. Kg4 Ne3+ 0-1

[Event "CHI-ch sf"]
[Site "Quilpue"]
[Date "2022.02.04"]
[Round "1"]
[White "Diaz Contreras, Pedro"]
[Black "Rodriguez Fuentealba, Diego"]
[Result "1-0"]
[WhiteElo "2147"]
[BlackElo "1680"]
[PlyCount "75"]
[EventDate "2022.02.04"]
[EventType "swiss"]
[EventRounds "8"]
[EventCountry "CHI"]
[SourceTitle "CBM 206 Extra"]
[Source "ChessBase"]
[SourceDate "2022.03.31"]
[SourceVersion "1"]
[SourceVersionDate "2022.03.31"]
[SourceQuality "1"]

1. e4 e5 2. Nf3 Nc6 3. Bb5 a6 4. Ba4 Nf6 5. d3 b5 6. Bb3 d6 7. a3 Be7 8. 0-0 0-0 9. Nc3 Re8 10. Ng5 Rf8 11. Nf3 h6 12. Be3 Bb7 13. h3 Re8 14. Nh2 Na5 15. Ba2 c5 16. Ng4 Nxg4 17. Qxg4 Bg5 18. h4 Bxe3 19. fxe3 c4 20. b4 cxb3 21. cxb3 Bc8 22. Qh5 Be6 23. b4 Nc6 24. Rxf7 Bxa2 25. Rxa2 Re7 26. Raf2 Qd7 27. R7f5 Qe6 28. Nd5 Rb7 29. Qg4 Kh7 30. Qg3 Qg6 31. Qf3 Rab8 32. h5 Qe6 33. Qg3 Nd8 34. Rf8 Rf7 35. Qg6+ Qxg6 36. hxg6+ Kxg6 37. R2xf7 Nc6 38. Rxb8 1-0

[Event "Pan American-ch U18"]
[Site "Santiago de Chile"]
[Date "2018.07.27"]
[Round "8"]
[White "Diaz Contreras, Pedro"]
[Black "Medrano, Sebastian"]
[Result "1-0"]
[WhiteElo "2173"]
[BlackElo "2058"]
[PlyCount "67"]
[EventDate "2018.07.22"]
[EventType "swiss"]
[EventRounds "9"]
[EventCountry "CHI"]
[SourceTitle "EXT 2022"]
[Source "ChessBase"]
[SourceDate "2021.10.06"]
[SourceVersion "1"]
[SourceVersionDate "2021.10.06"]
[SourceQuality "1"]

1. e4 c5 2. Nf3 Nf6 3. e5 Nd5 4. Nc3 Nxc3 5. dxc3 e6 6. Bf4 b6 7. Qd2 Bb7 8. Be2 Nc6 9. 0-0-0 Qc7 10. Bg3 h6 11. Rhe1 0-0-0 12. h3 Ne7 13. Bh2 g5 14. Kb1 Ng6 15. Bg3 Ne7 16. Bh2 Ng6 17. Bg3 Ne7 18. Bd3 c4 19. Be4 Nd5 20. h4 g4 21. Nd4 a6 22. Qe2 h5 23. f3 f5 24. Bxd5 Bxd5 25. Nxf5 Bxf3 26. gxf3 exf5 27. fxg4 hxg4 28. Qf2 Qc6 29. Qxf5 Bc5 30. Qe4 Qxe4 31. Rxe4 b5 32. Rd5 Bg1 33. a4 Rdf8 34. axb5 1-0

[Event "Wch U18"]
[Site "Montevideo"]
[Date "2017.09.23"]
[Round "8"]
[White "Diaz Contreras, Pedro"]
[Black "Kokaia, Guram"]
[Result "0-1"]
[WhiteElo "2236"]
[BlackElo "2089"]
[PlyCount "54"]
[EventDate "2017.09.17"]
[EventType "swiss"]
[EventRounds "11"]
[EventCountry "URU"]
[SourceTitle "CBM 180 Extra"]
[Source "ChessBase"]
[SourceDate "2017.10.06"]
[SourceVersion "1"]
[SourceVersionDate "2017.10.06"]
[SourceQuality "1"]

1. e4 c5 2. Nf3 d6 3. Bb5+ Bd7 4. Bxd7+ Qxd7 5. 0-0 Nc6 6. c3 Nf6 7. d4 Nxe4 8. d5 Nd8 9. Re1 Nf6 10. Bg5 Ng8 11. c4 g6 12. Nc3 Bg7 13. Ne4 f5 14. Nc3 h6 15. Bd2 Nf6 16. Nh4 Kf7 17. Qf3 e5 18. dxe6+ Nxe6 19. Qg3 Ng4 20. h3 Be5 21. Qd3 Nf6 22. Nd5 Nxd5 23. Qxd5 Rad8 24. f4 Bd4+ 25. Kh1 Kf6 26. Re2 Ng7 27. Rae1 Rde8 0-1

[Event "Wch U18"]
[Site "Montevideo"]
[Date "2017.09.20"]
[Round "5"]
[White "Diaz Contreras, Pedro"]
[Black "Quinonez Garcia, Santiago"]
[Result "0-1"]
[WhiteElo "2236"]
[BlackElo "2323"]
[PlyCount "82"]
[EventDate "2017.09.17"]
[EventType "swiss"]
[EventRounds "11"]
[EventCountry "URU"]
[SourceTitle "CBM 180 Extra"]
[Source "ChessBase"]
[SourceDate "2017.10.06"]
[SourceVersion "1"]
[SourceVersionDate "2017.10.06"]
[SourceQuality "1"]

1. e4 e6 2. d4 d5 3. Nc3 Bb4 4. e5 c5 5. a3 Bxc3+ 6. bxc3 Qc7 7. Nf3 Ne7 8. h4 b6 9. h5 h6 10. Bd3 Ba6 11. Bxa6 Nxa6 12. Qd3 Nb8 13. g4 Nbc6 14. Bd2 Na5 15. Ke2 Rc8 16. Ra2 Kd7 17. Rg1 Nc4 18. Bc1 Na5 19. Bd2 Qc6 20. Nh4 cxd4 21. cxd4 Qc4 22. Rb2 Nec6 23. Nf3 Qa4 24. Bc1 Nc4 25. Rb3 N4a5 26. Rb2 Ne7 27. Bd2 Rc7 28. Bb4 Rhc8 29. Rc1 Nc4 30. Rb3 Nc6 31. Be1 N6a5 32. Rc3 Nb2 33. Qe3 Rxc3 34. Bxc3 Qc4+ 35. Kd2 Qc6 36. Bxb2 Nc4+ 37. Kd1 Nxe3+ 38. fxe3 Qb5 39. Ba1 Qf1+ 40. Ne1 Qg1 41. Kd2 Qxg4 0-1

[Event "Wch U18"]
[Site "Montevideo"]
[Date "2017.09.19"]
[Round "4"]
[White "Janik, Igor"]
[Black "Diaz Contreras, Pedro"]
[Result "1/2-1/2"]
[WhiteElo "2418"]
[BlackElo "2236"]
[PlyCount "99"]
[EventDate "2017.09.17"]
[EventType "swiss"]
[EventRounds "11"]
[EventCountry "URU"]
[SourceTitle "CBM 180 Extra"]
[Source "ChessBase"]
[SourceDate "2017.10.06"]
[SourceVersion "1"]
[SourceVersionDate "2017.10.06"]
[SourceQuality "1"]

1. e4 c5 2. Nf3 Nc6 3. Bb5 e6 4. Bxc6 bxc6 5. b3 Ne7 6. 0-0 Ng6 7. Bb2 f6 8. Qe2 e5 9. c3 Nf4 10. Qe3 Ba6 11. c4 Ne6 12. d3 g5 13. Nc3 h5 14. Na4 Rb8 15. Nxe5 fxe5 16. Bxe5 Bg7 17. Bxg7 Nxg7 18. Nxc5 Bc8 19. e5 Nf5 20. Qf3 d6 21. Qxc6+ Bd7 22. Nxd7 Qxd7 23. Qd5 dxe5 24. Qxe5+ Kf7 25. Rae1 Rbe8 26. Qc5 Rxe1 27. Rxe1 Re8 28. Rxe8 Kxe8 29. h3 Qxd3 30. Qxa7 Qd1+ 31. Kh2 Qd6+ 32. g3 h4 33. Qa8+ Ke7 34. Qf3 hxg3+ 35. fxg3 Qd2+ 36. Qg2 Qe1 37. Qb7+ Kf6 38. Qb6+ Kf7 39. Qb7+ Kf6 40. Qc6+ Kf7 41. Qf3 Kg6 42. Qc6+ Kg7 43. Qc7+ Kf6 44. Qb6+ Kf7 45. Qg1 Qe2+ 46. Qg2 Qe1 47. Qf3 Kg6 48. h4 gxh4 49. gxh4 Ne3 50. Qe4+ 1/2-1/2

[Event "Wch U18"]
[Site "Montevideo"]
[Date "2017.09.18"]
[Round "3"]
[White "Dotta, Gian Franco"]
[Black "Diaz Contreras, Pedro"]
[Result "0-1"]
[WhiteElo "1916"]
[BlackElo "2236"]
[PlyCount "74"]
[EventDate "2017.09.17"]
[EventType "swiss"]
[EventRounds "11"]
[EventCountry "URU"]
[SourceTitle "CBM 180 Extra"]
[Source "ChessBase"]
[SourceDate "2017.10.06"]
[SourceVersion "1"]
[SourceVersionDate "2017.10.06"]
[SourceQuality "1"]

1. e4 c5 2. Nf3 Nc6 3. d4 cxd4 4. Nxd4 d5 5. exd5 Qxd5 6. Be3 Nxd4 7. Bxd4 Bd7 8. Nc3 Qe6+ 9. Be2 Bc6 10. 0-0 Qd7 11. Bf3 e6 12. Bxc6 Qxc6 13. Qe2 Nf6 14. Bxf6 gxf6 15. Rad1 Be7 16. Rd3 Rd8 17. Rfd1 Rxd3 18. Rxd3 Rg8 19. Rg3 Rxg3 20. hxg3 a6 21. Qe4 Qb6 22. b3 f5 23. Qd3 Bf6 24. Ne2 Qa5 25. Nf4 Qxa2 26. Nh5 Qa1+ 27. Kh2 Bh8 28. Qf3 Qc3 29. Qxb7 Bd4 30. Qxa6 Bxf2 31. Qa8+ Kd7 32. Qf8 Qe1 33. Nf6+ Kc6 34. Qc8+ Kd6 35. Qa6+ Ke7 36. Ng8+ Kf8 37. Qd6+ Kg7 0-1

[Event "Pan American-ch U18"]
[Site "San Jose"]
[Date "2017.07.03"]
[Round "5"]
[White "Marquez Pereira, Juan Eduardo"]
[Black "Diaz Contreras, Pedro"]
[Result "0-1"]
[WhiteElo "1940"]
[BlackElo "2184"]
[PlyCount "92"]
[EventDate "2017.07.01"]
[EventType "swiss"]
[EventRounds "9"]
[EventCountry "CRI"]
[SourceTitle "EXT 2022"]
[Source "ChessBase"]
[SourceDate "2021.10.06"]
[SourceVersion "1"]
[SourceVersionDate "2021.10.06"]
[SourceQuality "1"]

1. e4 c5 2. Nf3 Nc6 3. d4 cxd4 4. Nxd4 Qc7 5. Nc3 e6 6. Ndb5 Qb8 7. Be3 a6 8. Nd4 Qc7 9. Be2 b5 10. a3 Bb7 11. 0-0 Nf6 12. Nxc6 dxc6 13. f4 Rd8 14. Qe1 Be7 15. Bf3 c5 16. Kh1 b4 17. axb4 cxb4 18. Na4 Qxc2 19. Nc5 Bxc5 20. Rf2 Qc4 21. Rc1 Qxc1 22. Qxc1 Be7 23. h3 Nxe4 24. Bxe4 Bxe4 25. Qc4 Bd5 26. Qxa6 0-0 27. Qb6 Rc8 28. Kh2 Rc6 29. Qb5 Bd6 30. h4 Rb8 31. Qd3 Rbc8 32. Bd4 h6 33. Qg3 g6 34. h5 Kh7 35. hxg6+ fxg6 36. Kh3 Rc1 37. Qd3 Rh1+ 38. Kg3 Be7 39. f5 Bd6+ 40. Kg4 h5+ 41. Kg5 gxf5 42. Rxf5 Rg8+ 43. Bg7 Rxg7+ 44. Kf6 Rg6+ 45. Kf7 exf5+ 46. Qxd5 Re1 0-1

[Event "Pan American-ch U18"]
[Site "San Jose"]
[Date "2017.07.02"]
[Round "3"]
[White "Miliam Escobar, David Isaac"]
[Black "Diaz Contreras, Pedro"]
[Result "0-1"]
[WhiteElo "1796"]
[BlackElo "2184"]
[PlyCount "98"]
[EventDate "2017.07.01"]
[EventType "swiss"]
[EventRounds "9"]
[EventCountry "CRI"]
[SourceTitle "EXT 2022"]
[Source "ChessBase"]
[SourceDate "2021.10.06"]
[SourceVersion "1"]
[SourceVersionDate "2021.10.06"]
[SourceQuality "1"]

1. e4 c5 2. d4 cxd4 3. c3 d3 4. Bxd3 Nc6 5. Nf3 d6 6. 0-0 g6 7. Qe2 Bg7 8. Bf4 Nf6 9. Nbd2 0-0 10. Rad1 Nh5 11. Bg3 Qe8 12. h3 Nxg3 13. fxg3 Bd7 14. Nc4 Rc8 15. Ne3 Ne5 16. Nxe5 Bxe5 17. Rf3 Be6 18. Bc4 Bxc4 19. Nxc4 Qb5 20. b3 Bg7 21. Rd5 Rc5 22. Rfd3 Rfc8 23. Qe3 Qc6 24. Na5 Qb6 25. Nc4 Qc6 26. Na5 Qa6 27. Rxc5 Rxc5 28. b4 Rc8 29. Qd2 b6 30. Nb3 Qb7 31. Qe1 Qa6 32. Qd2 Qb7 33. Qe1 Rc4 34. Nd4 Qc7 35. Nb5 Qc6 36. Nd4 Bxd4+ 37. cxd4 Rc1 38. Rd1 Rxd1 39. Qxd1 Qxe4 40. b5 e5 41. dxe5 Qxe5 42. Qa4 Kg7 43. Kf2 d5 44. Qf4 f6 45. Qa4 Qc7 46. Ke3 Qxg3+ 47. Kd2 Qxg2+ 48. Ke1 Qg3+ 49. Kd1 Qc7 0-1

[Event "Pan American-ch U18"]
[Site "San Jose"]
[Date "2017.07.01"]
[Round "1"]
[White "Alvarado Castro, Jeaustin"]
[Black "Diaz Contreras, Pedro"]
[Result "0-1"]
[WhiteElo "1559"]
[BlackElo "2184"]
[PlyCount "62"]
[EventDate "2017.07.01"]
[EventType "swiss"]
[EventRounds "9"]
[EventCountry "CRI"]
[SourceTitle "EXT 2022"]
[Source "ChessBase"]
[SourceDate "2021.10.06"]
[SourceVersion "1"]
[SourceVersionDate "2021.10.06"]
[SourceQuality "1"]

1. e4 c5 2. Nf3 Nc6 3. Bc4 e6 4. Nc3 a6 5. a3 Nf6 6. d3 d5 7. exd5 Nxd5 8. Bd2 Be7 9. 0-0 0-0 10. Re1 b5 11. Ba2 Bf6 12. Nxd5 exd5 13. c3 Bf5 14. Bf4 d4 15. Ne5 Nxe5 16. Bxe5 dxc3 17. bxc3 Bxe5 18. Rxe5 Qxd3 19. Qxd3 Bxd3 20. Rxc5 Rac8 21. Rxc8 Rxc8 22. Rc1 g6 23. f3 a5 24. Kf2 g5 25. Ke3 Bf5 26. Bd5 b4 27. axb4 axb4 28. Bb3 bxc3 29. Kd4 c2 30. Ba4 Ra8 31. Bc6 Rd8+ 0-1

[Event "CHI-ch U20"]
[Site "Maipu"]
[Date "2017.02.09"]
[Round "6.4"]
[White "Alvarado Munoz, Sebastian"]
[Black "Diaz Contreras, Pedro"]
[Result "0-1"]
[WhiteElo "1773"]
[BlackElo "2224"]
[PlyCount "64"]
[EventDate "2017.02.07"]
[EventType "swiss"]
[EventRounds "9"]
[EventCountry "CHI"]
[SourceTitle "EXT 2024"]
[Source "ChessBase"]
[SourceDate "2023.10.10"]
[SourceVersion "1"]
[SourceVersionDate "2023.10.10"]
[SourceQuality "1"]

1. e4 c5 2. Nf3 Nc6 3. d4 cxd4 4. Nxd4 Qc7 5. Nc3 e6 6. a3 a6 7. Be3 b5 8. Qd2 Nf6 9. Be2 Bb7 10. f4 b4 11. axb4 Bxb4 12. Bf3 Na5 13. Qd3 Nc4 14. Bc1 d5 15. e5 Ne4 16. Bxe4 dxe4 17. Qg3 Qb6 18. Be3 Nxb2 19. 0-0 Nc4 20. Nce2 Nxe3 21. Qxe3 Bc5 22. Rfb1 Qc7 23. Qb3 Bd5 24. Qa4+ Qd7 25. Qa5 Be7 26. Qa4 Qxa4 27. Rxa4 0-0 28. c4 Rfd8 29. cxd5 Rxd5 30. Kf1 Bc5 31. Nb3 Bb6 32. Nec1 Rd1+ 0-1

[Event "South America-ch U16 13th"]
[Site "Santiago de Chile"]
[Date "2016.12.02"]
[Round "3"]
[White "Diaz Contreras, Pedro"]
[Black "Kapitanchuk, Tomas"]
[Result "0-1"]
[WhiteElo "2286"]
[BlackElo "2152"]
[PlyCount "104"]
[EventDate "2016.12.01"]
[EventType "swiss"]
[EventRounds "9"]
[EventCountry "CHI"]
[SourceTitle "EXT 2018"]
[Source "ChessBase"]
[SourceDate "2017.10.13"]
[SourceVersion "1"]
[SourceVersionDate "2017.10.13"]
[SourceQuality "1"]

1. e4 c5 2. Nf3 d6 3. Bb5+ Bd7 4. Bxd7+ Nxd7 5. 0-0 Ngf6 6. Qe2 Rc8 7. c3 c4 8. b3 Qc7 9. Na3 cxb3 10. axb3 a6 11. b4 e5 12. Bb2 Be7 13. Rac1 0-0 14. Rfe1 Rfe8 15. c4 Bf8 16. d3 g6 17. Nc2 Qb8 18. Nd2 Be7 19. Ba3 Nf8 20. Ne3 Ne6 21. Nb3 b5 22. Nd5 Bd8 23. g3 Qb7 24. Qf3 Kg7 25. c5 Ng5 26. Qg2 Qd7 27. h4 Ne6 28. Bb2 Kg8 29. f4 Ng4 30. Qf3 h5 31. Rf1 dxc5 32. bxc5 a5 33. f5 Ng7 34. fxg6 fxg6 35. Kg2 Rc6 36. d4 a4 37. Nd2 g5 38. dxe5 gxh4 39. e6 h3+ 40. Kh1 Qxe6 41. Qc3 Qd7 42. Rf5 h4 43. Rg1 Rg6 44. Rf4 Bg5 45. Rf3 hxg3 46. Rfxg3 Bh4 47. c6 Nf2+ 48. Kh2 Qd6 49. e5 Bxg3+ 50. Rxg3 Qxd5 51. Rxg6 Qh1+ 52. Kg3 Qg2+ 0-1

[Event "Pan American-ch U16 27th"]
[Site "Montevideo"]
[Date "2016.07.31"]
[Round "9"]
[White "Tello Chavez, Isaac Valentino"]
[Black "Diaz Contreras, Pedro"]
[Result "1-0"]
[WhiteElo "2199"]
[BlackElo "2312"]
[PlyCount "99"]
[EventDate "2016.07.25"]
[EventType "swiss"]
[EventRounds "9"]
[EventCountry "URU"]
[SourceTitle "EXT 2017"]
[Source "ChessBase"]
[SourceDate "2016.10.25"]
[SourceVersion "1"]
[SourceVersionDate "2016.10.25"]
[SourceQuality "1"]

1. d4 Nf6 2. Bg5 e6 3. Nf3 h6 4. Bh4 d5 5. e3 Be7 6. Bd3 Nbd7 7. Nbd2 0-0 8. 0-0 b6 9. Ne5 Nxe5 10. dxe5 Nd7 11. Bg3 Nc5 12. f4 f5 13. exf6 Bxf6 14. Rb1 Qe7 15. e4 dxe4 16. Nxe4 Nxd3 17. Qxd3 Bb7 18. c3 Rad8 19. Qe3 Rd7 20. Rbe1 Rfd8 21. h3 Rd3 22. Qf2 R8d5 23. Kh2 Kh8 24. Re2 a5 25. Rfe1 Bc8 26. c4 Bd4 27. Qf1 Rh5 28. Rc2 Rxg3 29. Nxg3 Rh4 30. Nf5 Qf6 31. Nxd4 Qxd4 32. g3 Rh5 33. Rd1 Qf6 34. Rcd2 Kh7 35. Qd3+ Qf5 36. g4 Qxd3 37. Rxd3 Rc5 38. b3 b5 39. cxb5 Bb7 40. R1d2 Rxb5 41. Rc3 a4 42. bxa4 Rb1 43. Rxc7 Bd5 44. f5 Rh1+ 45. Kg3 Rg1+ 46. Kf4 Rf1+ 47. Ke5 Re1+ 48. Kd6 h5 49. g5 Be4 50. f6 1-0

[Event "CHI-ch sf"]
[Site "Santiago de Chile"]
[Date "2016.01.27"]
[Round "7"]
[White "Chavez Dinamarca, Bastian"]
[Black "Diaz Contreras, Pedro"]
[Result "1/2-1/2"]
[WhiteElo "2108"]
[BlackElo "2261"]
[PlyCount "91"]
[EventDate "2016.01.23"]
[EventType "swiss"]
[EventRounds "9"]
[EventCountry "CHI"]
[SourceTitle "EXT 2017"]
[Source "ChessBase"]
[SourceDate "2016.10.25"]
[SourceVersion "1"]
[SourceVersionDate "2016.10.25"]
[SourceQuality "1"]

1. e4 c5 2. Nf3 Nc6 3. Bb5 e6 4. 0-0 Nge7 5. c3 a6 6. Ba4 b5 7. Bc2 Bb7 8. Qe2 d5 9. e5 d4 10. Be4 Nd5 11. d3 Rc8 12. c4 bxc4 13. dxc4 Nde7 14. Ne1 Qd7 15. Nd3 Ng6 16. Nd2 Be7 17. f4 0-0 18. a3 f5 19. exf6 Rxf6 20. g3 Bd6 21. b4 cxb4 22. c5 Be7 23. axb4 Nd8 24. Bxb7 Qxb7 25. Ne4 Rf7 26. Bd2 Nc6 27. h4 Nf8 28. Ne5 Nxe5 29. fxe5 Rxf1+ 30. Rxf1 Nd7 31. Nd6 Bxd6 32. exd6 Re8 33. Qc4 Ne5 34. Qe2 Qd5 35. Be1 Nc6 36. Bd2 Rf8 37. Rxf8+ Kxf8 38. Qxa6 Ne5 39. Qe2 d3 40. Qe3 Ke8 41. Qf4 Nf3+ 42. Kf2 Nd4 43. Ke3 Nc2+ 44. Kf2 Nd4 45. Ke3 Nc2+ 46. Kf2 1/2-1/2

[Event "CHI-ch sf"]
[Site "Santiago de Chile"]
[Date "2016.01.24"]
[Round "3"]
[White "Vergara Jofre, Felipe Andres"]
[Black "Diaz Contreras, Pedro"]
[Result "0-1"]
[WhiteElo "2114"]
[BlackElo "2261"]
[PlyCount "45"]
[EventDate "2016.01.23"]
[EventType "swiss"]
[EventRounds "9"]
[EventCountry "CHI"]
[SourceTitle "EXT 2017"]
[Source "ChessBase"]
[SourceDate "2016.10.25"]
[SourceVersion "1"]
[SourceVersionDate "2016.10.25"]
[SourceQuality "1"]

1. e4 c5 2. Nf3 Nc6 3. d4 cxd4 4. Nxd4 Qc7 5. Nc3 e6 6. f4 a6 7. Nxc6 bxc6 8. Bd3 d5 9. Be3 Nf6 10. 0-0 h5 11. Kh1 Bb7 12. Qe2 Be7 13. Bg1 Ng4 14. Na4 d4 15. Bxd4 c5 16. Bg1 g5 17. f5 Ne5 18. Bc4 Rh6 19. Rad1 Qc6 20. Nc3 Rd8 21. fxe6 fxe6 22. Rxd8+ Kxd8 23. h3 0-1

[Event "Serrano op 1st"]
[Site "Serrano"]
[Date "2015.09.21"]
[Round "3"]
[White "Diaz Contreras, Pedro"]
[Black "Vilches Romero, Eduardo Enrique"]
[Result "1-0"]
[WhiteElo "2168"]
[BlackElo "2025"]
[PlyCount "83"]
[EventDate "2015.09.07"]
[EventType "swiss"]
[EventRounds "7"]
[EventCountry "CHI"]
[SourceTitle "EXT 2017"]
[Source "ChessBase"]
[SourceDate "2016.10.25"]
[SourceVersion "1"]
[SourceVersionDate "2016.10.25"]
[SourceQuality "1"]

1. e4 e5 2. Nf3 Nf6 3. Nxe5 d6 4. Nf3 Nxe4 5. Nc3 Nf6 6. d4 Be7 7. Bd3 Bg4 8. 0-0 0-0 9. Re1 Nc6 10. Bg5 h6 11. Be3 Nb4 12. Bc4 d5 13. Bb3 Nc6 14. h3 Be6 15. a3 Bd6 16. Qd2 Re8 17. Bf4 a6 18. Ne5 Na5 19. Ba2 c6 20. Rad1 Nc4 21. Bxc4 dxc4 22. Ne4 Nxe4 23. Rxe4 Bd5 24. Re3 Qf6 25. Bg3 Rad8 26. Ng4 Qg6 27. Bxd6 Qxd6 28. Qb4 Qg6 29. Rde1 Rxe3 30. Nxe3 Rd7 31. Nxd5 cxd5 32. Re8+ Kh7 33. Qd2 Qf6 34. Qe3 Qb6 35. Qf4 Qg6 36. c3 Rd6 37. Rf8 Rf6 38. Qb8 Qb1+ 39. Kh2 Qxb2 40. Rh8+ Kg6 41. Qg3+ Kf5 42. Qg4# 1-0

[Event "Santiago Patrias U2200 1st"]
[Site "Santiago de Chile"]
[Date "2015.09.12"]
[Round "1.1"]
[White "Diaz Contreras, Pedro"]
[Black "Sanchez Ibanez, Benjamin Hector"]
[Result "1-0"]
[WhiteElo "2168"]
[BlackElo "1375"]
[PlyCount "51"]
[EventDate "2015.09.12"]
[EventType "swiss"]
[EventRounds "5"]
[EventCountry "CHI"]
[SourceTitle "EXT 2024"]
[Source "ChessBase"]
[SourceDate "2023.10.10"]
[SourceVersion "1"]
[SourceVersionDate "2023.10.10"]
[SourceQuality "1"]

1. e4 c5 2. Nf3 Nc6 3. Bb5 d6 4. 0-0 Bd7 5. Re1 e5 6. c3 a6 7. Bf1 f5 8. exf5 Bxf5 9. d4 cxd4 10. cxd4 e4 11. d5 Nce7 12. Nd4 Qc8 13. Nc3 Nf6 14. Nxf5 Qxf5 15. Nxe4 Nxe4 16. Qa4+ Kd8 17. Rxe4 Nxd5 18. Rd4 g6 19. Bd2 Bg7 20. Qa5+ Nc7 21. Rxd6+ Kc8 22. Rc1 Qf7 23. Bf4 Rd8 24. Rf6 Bxf6 25. Rxc7+ Qxc7 26. Qxc7# 1-0

[Event "Serrano Sertal 1st"]
[Site "Serrano"]
[Date "2015.09.01"]
[Round "1.17"]
[White "Correa Karutz, Rodrigo"]
[Black "Diaz Contreras, Pedro"]
[Result "0-1"]
[WhiteElo "1664"]
[BlackElo "2168"]
[PlyCount "84"]
[EventDate "2015.09.01"]
[EventType "swiss"]
[EventRounds "7"]
[EventCountry "CHI"]
[SourceTitle "EXT 2024"]
[Source "ChessBase"]
[SourceDate "2023.10.10"]
[SourceVersion "1"]
[SourceVersionDate "2023.10.10"]
[SourceQuality "1"]

1. d4 Nf6 2. c4 e6 3. Nc3 d5 4. Nf3 Bb4 5. Bg5 Nbd7 6. e3 h6 7. Bh4 g5 8. Bg3 Ne4 9. Qb3 c5 10. cxd5 exd5 11. a3 Qa5 12. Rc1 Bxc3+ 13. bxc3 c4 14. Qb2 Nb6 15. Bc7 Na4 16. Bxa5 Nxb2 17. Nd2 Nxd2 18. Kxd2 Bf5 19. f3 Kd7 20. e4 dxe4 21. fxe4 Bxe4 22. Bb4 b6 23. a4 Rac8 24. Rg1 a5 25. Ba3 Nxa4 26. Be2 b5 27. Rgf1 f5 28. Bf3 Bd3 29. Rfe1 Rhe8 30. Bh5 Re4 31. Bf3 Rce8 32. Bxe4 fxe4 33. Rf1 e3+ 34. Ke1 Bxf1 35. Kxf1 e2+ 36. Ke1 Re3 37. Kd2 Rxc3 38. Rxc3 Nxc3 39. Bb2 b4 40. Bxc3 bxc3+ 41. Kxe2 Kc6 42. Kd1 Kd5 0-1

[Event "Santiago Club Chile 2nd"]
[Site "Santiago de Chile"]
[Date "2015.08.19"]
[Round "6.1"]
[White "Roman Alvarez, Oscar Carlos"]
[Black "Diaz Contreras, Pedro"]
[Result "0-1"]
[WhiteElo "1968"]
[BlackElo "2124"]
[PlyCount "66"]
[EventDate "2015.08.03"]
[EventType "swiss"]
[EventRounds "7"]
[EventCountry "CHI"]
[SourceTitle "EXT 2024"]
[Source "ChessBase"]
[SourceDate "2023.10.10"]
[SourceVersion "1"]
[SourceVersionDate "2023.10.10"]
[SourceQuality "1"]

1. Nf3 Nf6 2. g3 e6 3. Bg2 c5 4. 0-0 Nc6 5. d4 cxd4 6. Nxd4 Qb6 7. Nb3 d5 8. Be3 Qc7 9. Nc3 a6 10. Na4 b5 11. Nb6 Rb8 12. Nxc8 Rxc8 13. c3 Be7 14. Qd2 0-0 15. Rfd1 Ne5 16. Bf4 Nfd7 17. Rac1 Qb6 18. Qd4 Nc4 19. Rc2 Bf6 20. Qxb6 Ndxb6 21. e4 e5 22. Bc1 d4 23. Bf1 Rfd8 24. Bxc4 bxc4 25. Na5 d3 26. Rcd2 Bg5 27. h4 Bxd2 28. Rxd2 Rd7 29. b3 Rc5 30. Nxc4 Rxc4 31. bxc4 Nxc4 32. Kf1 Nxd2+ 33. Bxd2 Rb7 0-1

[Event "Santiago Club Chile 2nd"]
[Site "Santiago de Chile"]
[Date "2015.08.03"]
[Round "1.2"]
[White "Diaz Contreras, Pedro"]
[Black "Mino Silva, Alvaro Antonio"]
[Result "1-0"]
[WhiteElo "2124"]
[BlackElo "1805"]
[PlyCount "61"]
[EventDate "2015.08.03"]
[EventType "swiss"]
[EventRounds "7"]
[EventCountry "CHI"]
[SourceTitle "EXT 2024"]
[Source "ChessBase"]
[SourceDate "2023.10.10"]
[SourceVersion "1"]
[SourceVersionDate "2023.10.10"]
[SourceQuality "1"]

1. e4 c5 2. Nf3 e6 3. c4 Nc6 4. Nc3 d6 5. d4 cxd4 6. Nxd4 Nxd4 7. Qxd4 Nf6 8. Be2 Be7 9. 0-0 a6 10. Qd3 Bd7 11. Bf4 Bc6 12. Rfd1 e5 13. Bg5 Qc7 14. Rac1 Qd7 15. Bxf6 gxf6 16. Qg3 Kf8 17. c5 Rg8 18. Qh4 Rg7 19. cxd6 Bd8 20. Qh6 Kg8 21. Nd5 Rg6 22. Qh4 Bxd5 23. Rxd5 Rc8 24. Rxc8 Qxc8 25. Bf1 Qd7 26. Qh5 f5 27. Qxf5 Qxf5 28. exf5 Rf6 29. g4 Kf8 30. Bd3 Rh6 31. Be4 1-0

[Event "South America School-ch"]
[Site "Aracaju"]
[Date "2014.12.06"]
[Round "2.1"]
[White "Rengifo Blancas, Renzo Jhonathan"]
[Black "Diaz Contreras, Pedro"]
[Result "1-0"]
[WhiteElo "1884"]
[BlackElo "1929"]
[PlyCount "77"]
[EventDate "2014.12.06"]
[EventType "team-swiss"]
[EventRounds "7"]
[EventCountry "BRA"]
[SourceTitle "EXT 2016"]
[Source "ChessBase"]
[SourceDate "2015.10.08"]
[SourceVersion "1"]
[SourceVersionDate "2015.10.08"]
[SourceQuality "1"]
[WhiteTeam "Peru"]
[BlackTeam "Chile"]
[WhiteTeamCountry "PER"]
[BlackTeamCountry "CHI"]

1. e4 e5 2. Nf3 Nc6 3. d4 exd4 4. Nxd4 Bc5 5. Be3 Qf6 6. c3 Nge7 7. g3 a6 8. Bg2 Ba7 9. 0-0 0-0 10. Na3 Re8 11. h3 d5 12. exd5 Nxd4 13. Bxd4 Bxd4 14. Qxd4 Qxd4 15. cxd4 Nf5 16. Rac1 Re7 17. Rfe1 Rxe1+ 18. Rxe1 Bd7 19. Nc4 Bb5 20. Na5 Nd6 21. Rc1 Rc8 22. h4 f5 23. b3 Bd3 24. Nc4 Nb5 25. Kh2 g6 26. Ne5 Be2 27. Rc2 Bd1 28. Rd2 Bh5 29. f3 g5 30. hxg5 Kg7 31. Bh3 Rf8 32. a4 Nd6 33. Rc2 Ne8 34. Kg2 f4 35. gxf4 Nd6 36. Rxc7+ Kh8 37. Rd7 Ne8 38. f5 h6 39. Ng6+ 1-0